History Quiz

Random History or War Quiz

Battles Commanded by Ulysses S. Grant Quiz Stats

 Plays Quiz not verified by Sporcle

Score 0/23 Timer 05:00
0 Plays Today
Date(s) fought Answer % Correct
April 6-7, 1862Battle of Shiloh
87.5%
May 18 - July 4, 1863Siege of Vicksburg
87.5%
May 5-7, 1864Battle of the Wilderness
87.5%
April 9, 1865Battle of Appomattox Court House
87.5%
February 11-16, 1862Battle of Fort Donelson
75%
June 9, 1864 - March 25, 1865Siege of Petersburg
75%
May 8-21, 1864Battle of Spotsylvania Court House
75%
May 31 - June 12, 1864Battle of Cold Harbor
62.5%
November 7, 1861Battle of Belmont
50%
May 16, 1863Battle of Champion Hill
50%
May 14, 1863Battle of Jackson
50%
April 29 - May 30, 1862Siege of Corinth
50%
Date(s) fought Answer % Correct
May 1, 1863Battle of Port Gibson
37.5%
June 11-12, 1864Battle of Trevilian Station
37.5%
February 6, 1862Battle of Fort Henry
37.5%
September 19, 1862Battle of Iuka
37.5%
November 25, 1863Battle of Missionary Ridge
37.5%
February 28 - April 8, 1862Battle of Island Number Ten
37.5%
May 23-26, 1864Battle of North Anna
37.5%
May 30, 1864Battle of Old Church
25%
May 28-30, 1864Battle of Totopotomoy Creek
25%
October 28-29, 1863Battle of Wauhatchie
25%
April 14, 1864Battle of Fort Pillow
25%

You're not logged in!

Compare scores with friends on all Sporcle quizzes.
OR
Log In

Show Comments

Extras

Top Quizzes Today


Score Distribution

Your Account Isn't Verified!

In order to create a playlist on Sporcle, you need to verify the email address you used during registration. Go to your Sporcle Settings to finish the process.

Report this User

Report this user for behavior that violates our Community Guidelines.

Details: